000 00665nai a2200181Ia 4500
003 IN-BaIIA
008 211028c9999 xx s 000 0 eng d
022 _a1541-4922 (Online)
040 _cIIA Library
245 0 _aIEEE Distributed Systems Online
_h[eJournal]
260 _aNew York, USA
_bThe Institute of Electrical and Electronics Engineers, Inc. (IEEE)
310 _aMonthly
362 _a5(1); 2004 - 9(12); 2008
521 _bSubscribed through National Knowledge Resource Consortium (NKRC)
650 _aComputing and Processing
_948785
856 _uhttps://ieeexplore.ieee.org/servlet/opac?punumber=8968
_yClick Here to Access eJournal
942 _cEJ
999 _c34496
_d34496